000 00599nam a22001937a 4500
003 OSt
005 20260701123801.0
008 260701b |||||||| |||| 00| 0 eng d
040 _cChuka University Library
050 _aLB 1731 .P69 2004
100 _aEaston Brown Lois (Editor)
_932356
245 _aPowerful Designs for Professional Learning
300 _aVarious Pagings
_bIllustrated
650 _aProfessional Learning Communities
_932193
650 _aStaff Development
_932357
650 _aTeachers Effectiveness
_932358
650 _aEducational Leadership
_911614
942 _2lcc
_cBK
_n0
999 _c25785
_d25785